Sementeira do vento / (Record no. 117214)

MARC details
000 -LEADER
campo de control de longitud fija 00677nam a2200217 4500
001 - NÚMERO DE CONTROL
campo de control 117214
003 - IDENTIFICADOR DE NÚMERO DE CONTROL
campo de control ES-MaACL
005 - FECHA Y HORA DE LA ÚLTIMA TRANSACCIÓN
campo de control 20230906190841.0
007 - CAMPO FIJO DE DESCRIPCIÓN FÍSICA--INFORMACIÓN GENERAL
campo de control de longitud fija t|
008 - DATOS DE LONGITUD FIJA--INFORMACIÓN GENERAL
campo de control de longitud fija 070301s1968 sp r ||||1| gao d
100 1# - ENTRADA PRINCIPAL--NOMBRE DE PERSONA
Nombre de persona Paz-Andrade, Valentín.
9 (RLIN) 89764
245 10 - MENCIÓN DEL TÍTULO
Título Sementeira do vento /
Mención de responsabilidad, etc. Valentín Paz-Andrade ; ilustraciones de Laxeiro ; carta-prefacio de Guillermo de Almeida.
260 ## - PUBLICACIÓN, DISTRIBUCIÓN, ETC.
Lugar de publicación, distribución, etc. Vigo :
Nombre del editor, distribuidor, etc. Galaxia,
Fecha de publicación, distribución, etc. 1968.
300 ## - DESCRIPCIÓN FÍSICA
Extensión 126 p. :
Otras características físicas il. ;
Dimensiones 18 cm.
490 1# - MENCIÓN DE SERIE
Mención de serie Salnes ;
Designación de volumen o secuencia 26
700 1# - ENTRADA AGREGADA--NOMBRE PERSONAL
Nombre de persona Laxeiro.
9 (RLIN) 70760
700 1# - ENTRADA AGREGADA--NOMBRE PERSONAL
Nombre de persona Almeida, Guillermo de.
9 (RLIN) 20112
830 0# - PUNTO DE ACCESO ADICIONAL DE SERIE-TÍTULO UNIFORME
Título uniforme Salnes ;
Designación de volumen o secuencia 26
9 (RLIN) 232294
852 ## - LOCALIZACIÓN
Ubicación ES-MaACL
Número de control de estantería C-51808
Sublocalización o colección R.67222
Holdings
Estatus retirado Estado de pérdida Estado de daño No para préstamo Biblioteca de origen Biblioteca actual Ubicación en estantería Fecha de adquisición Fuente de adquisición Total de préstamos Signatura topográfica completa Código de barras Visto por última vez Precio de reemplazo Tipo de ítem Koha
        Biblioteca del Ateneo de Madrid Biblioteca del Ateneo de Madrid Depósito 2 17/01/2008     C-51808 1122206 23/02/2023 23/02/2023 Libro impreso